000 00826nam a22002537a 4500
999 _c11782
_d11782
003 AR-CdUCM
008 190405b ||||| |||| 00| 0 spa d
020 _a84-294-2027-4
040 _aMUNICIPALIDAD PROVINCIAL DEL CUSCO
_cBIBLIOTECA MUNICIPAL DEL CUSCO
082 _aEP / 372.460 /
_bC27
110 _aSantillana
_918102
245 _aCapulĂ­ libro de lectura cuarto grado /
260 _aLima :
_bSantillana,
_c1986.
300 _a128 paginas ;
_bIlustraciones, graficos, dibujos,
_c23 cm.
650 _aCuentos
_9217
650 _aHistorias
_92725
650 _aTextos escolares
_94527
650 _aLiteratura
_983
700 _aBustamante de Roggero, Cecilia
_929321
700 _aSattui de Parodi, Ana Maria
_929322
700 _aSchwarz Ocampo, Marta
_929323
942 _2ddc
_cLIBROS
945 _apjha
_d2019-04-05